1092 1180 1379 1920 1796 1877 1926 1358 1401 1104 1639 1993 1823 1353 1548 1635 1476 1717 1790 1119 1603 1480 1221 1337 1134 1202 1987 1237 1145 1973 1638 1333 1422 1970 1687 1797 1084 1818 1114 1928 1596 1023 1326 1391 1851 1164 1972 1604 1548 1605 1662 1524 1679 1051 1497 1043 1109 1676 1327 1907 1431 1668 1569 1797 1845 1351 1805 1251 1218 1276 1281 1808 1385 1827 1551 1892 1804 1385 1831 1489 1584 1181 1716 1872 1735 1649 1466 1407 1940 1565 1967 1473 1016 1142 1039 1523 1472 1012 1136 BCNSPRNW ULIB Ver.6.0+V

เปลี่ยนเป็นภาษาไทย

Change to English
 แสดงรายละเอียดบรรณานุกรม
  กลับหน้าหลัก

Brief Record : Get Marc (ISO 2709) : E-mail record : QR code < ปิดหน้าต่าง
LEADER : 00000nam 2200000uu 4500
001    13399121388
003     ULIB
008    121116s2549||||th 000 0 tha d
020    ^a9789748513393
020    ^a9748513394
035    ^a0608-0860
050 04 ^aQA76.5^bจ717ค
100 0  ^aเจนวิทย์ ศาสตร์โกมล.
245 10 ^aครบถ้วนเลือกซื้อเลือกใช้ Notebook /^cเจนวิทย์ ศาสตร์โกมล
250    ^aพิมพ์ครั้งที่ 1
260    ^aนนทบุรี :^bเสริมวิทย์ อินฟอร์เมชั่น เทคโนโลยี่,^c2549
300    ^a360 หน้า :^bภาพประกอบ ;^c21 ซม
650  7 ^aแล็ปท็อปคอมพิวเตอร์.
650  7 ^aแล็ปท็อปคอมพิวเตอร์^xการจัดซื้อ.
650  7 ^aคอมพิวเตอร์แบบพกพา.
650  7 ^aไมโครคอมพิวเตอร์.
945    ^p179^l0^i16671
995    ^aวิภา
999    ^aวิภา
รายการนี้ยังไม่มีแท็ก
คุณยังไม่ได้ล็อกอิน คุณสามารถมีกิจกรรมร่วมกับเว็บไซต์ได้ แต่ต้องล็อกอินก่อน ::
  ล็อกอิน

รายการสื่อสารสนเทศ

ลำดับที่ ประเภท เลขเรียก/บาร์โค้ด สถานที่ สถานะ
1. วิทยาศาสตร์การแพทย์ และสุขภาพ
วิทยาศาสตร์การแพทย์ และสุขภาพ
QA76.5 จ717ค  
  Barcode: 16671
ห้องสมุดวิทยาเขตสวรรค์ประชารักษ์
►หนังสือทั่วไป
บนชั้น

BibComment


ยังไม่เคยถูกคอมเมนท์

คอมเมนท์ทรัพยากรรายการนี้
  คอมเมนท์: ครบถ้วนเลือกซื้อ..


 Copyright 2026. Bcnsprnw @Library